000 00578nam a2200181Ia 4500
008 151018s9999 xx 000 0 und d
082 _bRBASDV37733
_a891.463
100 _aशुभांगी भडभडे
245 _aस्वामिनी
250 _b1
260 _bराजेंद्र प्रकाशन ठाणे
_c1984
300 _a180
600 _aशुभांगी भडभडे
630 _aस्वामिनी
700 _aशुभांगी भडभडे
730 _aस्वामिनी
942 _cBOOK
999 _c1037148
_d1037145